| 000 | 00000nam##2200000za#4500 |
| 001 | 9.646616 |
| 003 | CaOODSP |
| 005 | 20200330063130 |
| 007 | tb |
| 008 | 150407|1997||||xxc|||||d f|0| 0 eng|d |
| 020 | |a0-662-25825-8 |
| 040 | |aCaOODSP|beng |
| 043 | |an-cn--- |
| 086 | 1 |aTW3-21/1997E |
| 110 | 2 |aCanadian Transportation Agency. |
| 245 | 10|aCommunication barriers: a look at barriers to communication facing persons with disabilities who travel by air |
| 260 | |aOttawa - Ontario : |bCanadian Transportation Agency |c1997. |
| 300 | |a75p. : |c28 cm. |
| 504 | |aBibliography. |
| 563 | |aSoftcover |
| 590 | |a98-03|b1998-01-16 |
| 690 | 07|aAir transport|2gcpds |
| 690 | 07|aPersons with disabilities|2gcpds |
| 775 | 08|tEntraves à la communication : un aperçu des obstacles auxquels sont confrontées les personnes ayant une déficience qui utilisent les transports aériens |w(CaOODSP)9.680141 |